Microbiología de los alimentos. Fundamentos y fronteras

Kaydedildi:
Detaylı Bibliyografya
Diğer Yazarlar: Doyle, Michael P. (Editör), Beuchat, Larry R. (Editör), Montville, Thomas J. (Editör)
Materyal Türü: Bilinmiyor
Dil:İngilizce
Baskı/Yayın Bilgisi: Zaragoza, España Acribia 2001
Konular:
Etiketler: Etiketle
Etiket eklenmemiş, İlk siz ekleyin!

MARC

LEADER 00000 a2200000 4500
003 CL-VaPUC
005 20230410145115.0
008 210426b ||||| |||| 00| 0 eng d
999 |c 432881  |d 432879 
020 |a 9788420009339 
040 |c Pontificia Universidad Católica de Valparaíso 
082 |a 664.001576 DOY 2001 
100 |a Doyle, Michael P.   |e editor  |9 861969 
245 |a Microbiología de los alimentos.  |b Fundamentos y fronteras  
260 |a Zaragoza, España   |b Acribia  |c 2001 
300 |a 799 páginas  
583 |k Cristina Rojas  |c 20210426 
650 0 |a Microbiología de los alimentos  |9 325722 
700 |a Beuchat, Larry R.  |e editor  |9 861970 
700 |a Montville, Thomas J.  |e editor  |9 861971 
942 |2 ddc  |c BK 
952 |0 0  |1 0  |2 ddc  |4 0  |6 664_001576000000000_DOY_2001  |7 0  |8 A  |9 578342  |a BIBALI  |b BIBALI  |c RES  |d 2021-06-29  |e 3  |g 85211.00  |i 5585724  |o 664.001576 DOY 2001  |p 5585724  |r 2025-01-20  |t 1  |v 85211.00  |w 2021-06-29  |y BK_R  |k ALI